WCDMA Design Handbook (Record no. 312397)

MARC details
000 -LEADER
fixed length control field 00421nam a2200157Ia 4500
008 - FIXED-LENGTH DATA ELEMENTS--GENERAL INFORMATION
fixed length control field 230718s9999 xx 000 0 und d
041 ## - LANGUAGE CODE
Language code of text/sound track or separate title eng
082 ## - DEWEY DECIMAL CLASSIFICATION NUMBER
Classification number 621.384'5
Item number RIC
100 ## - MAIN ENTRY--PERSONAL NAME
Personal name Richardson A.
9 (RLIN) 166860
245 ## - TITLE STATEMENT
Title WCDMA Design Handbook
260 ## - PUBLICATION, DISTRIBUTION, ETC. (IMPRINT)
Date of publication, distribution, etc. 2005
Name of publisher, distributor, etc. Cambridge University Press
300 ## - PHYSICAL DESCRIPTION
Extent 565
365 ## - TRADE PRICE
Currency code Rs.
Price amount 395.00
700 ## - ADDED ENTRY--PERSONAL NAME
Personal name Richardson A.
9 (RLIN) 166860
906 ## - LOCAL DATA ELEMENT F, LDF (RLIN)
d 1050601729/24.01.2006
c ELECT
b 79
Holdings
Withdrawn status Lost status Damaged status Not for loan Home library Current library Date acquired Vendor Budget Code Cost, normal purchase price Bill number Total Checkouts Full call number Barcode Date last seen Discount Cost, replacement price Bill Date Koha item type Original Barcode
        Cummins College of Engineering for Women Pune Cummins College of Engineering for Women Pune 10/02/2006 Varma Book Distributors ELECT 316.00 1050601729/24.01.2006   621.384'5 CCEP-BK-23604 18/07/2023 79 395.00 24/01/2006 Books 023604